[Event "Fall Kickoff"]
[Site "SchemingMind.com"]
[Date "2007.09.17"]
[Round "-"]
[White "tacticrules"]
[Black "jdcald13"]
[Result "0-1"]
[WhiteCountry "GER"]
[BlackCountry "USA"]
[WhiteElo "1570"]
[WhiteRD "48"]
[BlackElo "1914"]
[BlackRD "55"]
[GameID "121147"]

1. e4 c5 2. Nf3 Nc6 3. d4 cxd4 4. Nxd4 g6 5. Nc3 Bg7 6. Be3 Nf6 7. Bc4 O-O 8. Bb3 d6 9. O-O Ng4 10. Nxc6 bxc6
11. h3 Nxe3 12. fxe3 Ba6 13. Re1 Qa5 14. Qd2 c5 15. a3 c4 16. Ba2 Rab8 17. Rab1 Rxb2 18. Rxb2 Bxc3 19. Qc1 Bxe1 20. g4 Bd2
21. Qa1 Bxe3+ 22. Kg2 Qd2+ 23. Kg3 Qf2#
0-1

[Event "Fall Kickoff"]
[Site "SchemingMind.com"]
[Date "2007.09.17"]
[Round "-"]
[White "tacticrules"]
[Black "echecs"]
[Result "0-1"]
[WhiteCountry "GER"]
[BlackCountry "ENG"]
[WhiteElo "1454"]
[WhiteRD "49"]
[BlackElo "1743"]
[BlackRD "62"]
[GameID "121148"]

1. e4 Nf6 2. e5 Nd5 3. d4 d6 4. Nf3 g6 5. c4 Nb6 6. exd6 cxd6 7. Nc3 Bg7 8. Be2 O-O 9. O-O Bg4 10. Be3 e5
11. dxe5 dxe5 12. Qb3 Be6 13. Rad1 N8d7 14. Bxb6 Qxb6 15. Qxb6 Nxb6 16. b3 Bf5
0-1

[Event "Fall Kickoff"]
[Site "SchemingMind.com"]
[Date "2007.09.18"]
[Round "-"]
[White "tacticrules"]
[Black "calidore"]
[Result "0-1"]
[WhiteCountry "GER"]
[BlackCountry "ISR"]
[WhiteElo "1570"]
[WhiteRD "48"]
[BlackElo "1889"]
[BlackRD "65"]
[GameID "121149"]

1. e4 Nf6 2. e5 Nd5 3. d4 d6 4. Nf3 Bg4 5. Be2 e6 6. O-O Be7 7. c4 Nb6 8. exd6 cxd6 9. Nbd2 O-O 10. b3 Bf6
11. Bb2 Nc6 12. Nb1 d5 13. c5 Nd7 14. Nbd2 Nxc5 15. Rc1 Nd7 16. h3 Bh5 17. g4 Bg6 18. Re1 Rc8 19. Nf1 Nb4 20. Rxc8 Qxc8
21. a3 Nc2
0-1

[Event "Fall Kickoff"]
[Site "SchemingMind.com"]
[Date "2007.09.17"]
[Round "-"]
[White "tacticrules"]
[Black "Dariusz1968"]
[Result "1-0"]
[WhiteCountry "GER"]
[BlackCountry "POL"]
[WhiteElo "1677"]
[WhiteRD "51"]
[BlackElo "1448"]
[BlackRD "53"]
[GameID "121150"]

1. e4 b6 2. d4 g6 3. Nf3 Bg7 4. Nc3 Bb7 5. Bc4 h6 6. O-O Nf6 7. e5 Ne4 8. Nxe4 Bxe4 9. Re1 Bxf3 10. Qxf3 d5
11. exd6 O-O 12. dxe7 Qxd4 13. exf8=Q+ Bxf8 14. Qxf7+ Kh8 15. Qg8#
1-0

[Event "Fall Kickoff"]
[Site "SchemingMind.com"]
[Date "2007.09.17"]
[Round "-"]
[White "bdenley"]
[Black "tacticrules"]
[Result "1-0"]
[WhiteCountry "USA"]
[BlackCountry "GER"]
[WhiteElo "1596"]
[WhiteRD "73"]
[BlackElo "1454"]
[BlackRD "49"]
[GameID "121151"]

1. e4 c5 2. Nf3 Nc6 3. c3 e5 4. Bb5 Qc7 5. d4 cxd4 6. cxd4 exd4 7. Nxd4 Nf6 8. Nc3 a6 9. Ba4 b5 10. Bc2 b4
11. Nd5 Nxd5 12. exd5 Nxd4 13. Qxd4 Qxc2 14. Qe5+ Be7 15. d6 O-O 16. dxe7
1-0

[Event "Fall Kickoff"]
[Site "SchemingMind.com"]
[Date "2007.09.18"]
[Round "-"]
[White "rougon"]
[Black "tacticrules"]
[Result "1-0"]
[WhiteCountry "USA"]
[BlackCountry "GER"]
[WhiteElo "1707"]
[WhiteRD "72"]
[BlackElo "1405"]
[BlackRD "54"]
[GameID "121152"]

1. d4 Nf6 2. c4 c5 3. Nf3 cxd4 4. Nxd4 g6 5. Nc3 Bg7 6. g3 O-O 7. Bg2 Nc6 8. e3 d6 9. O-O Bd7 10. a3 Rc8
11. b3 Qb6 12. Bb2 Rfe8 13. Rc1 Nxd4 14. exd4 a6 15. Re1 Bg4 16. Na4 Qa5 17. Qd3
1-0

[Event "Fall Kickoff"]
[Site "SchemingMind.com"]
[Date "2007.09.17"]
[Round "-"]
[White "jdcald13"]
[Black "tacticrules"]
[Result "1-0"]
[WhiteCountry "USA"]
[BlackCountry "GER"]
[WhiteElo "1914"]
[WhiteRD "55"]
[BlackElo "1570"]
[BlackRD "48"]
[GameID "121153"]

1. e4 e5 2. Nf3 Nf6 3. Nxe5 d6 4. Nf3 Nxe4 5. d4 d5 6. Bd3 Nc6 7. h3 Be7 8. O-O O-O 9. c4 Nb4 10. cxd5 Nxd3
11. Qxd3 Qxd5 12. Nc3 Nxc3 13. bxc3 Be6 14. Bf4 c6 15. Rfe1 Rfe8 16. Ne5 Bf6 17. Re2 Rad8 18. Rb1 b5 19. Rbe1 Bxe5 20. Bxe5 Qd7
21. Qg3 Bc4 22. Qxg7#
1-0

[Event "Fall Kickoff"]
[Site "SchemingMind.com"]
[Date "2007.09.17"]
[Round "-"]
[White "echecs"]
[Black "tacticrules"]
[Result "1-0"]
[WhiteCountry "ENG"]
[BlackCountry "GER"]
[WhiteElo "1743"]
[WhiteRD "62"]
[BlackElo "1454"]
[BlackRD "49"]
[GameID "121154"]

1. b4 e5 2. Bb2 d6 3. e3 Nf6 4. Nc3 Be7 5. Nce2 O-O 6. Ng3 Nc6 7. b5 Nb8 8. c4 c6 9. a4 a6 10. Nf3 axb5
11. axb5 Rxa1 12. Qxa1 Bg4 13. Be2 Nbd7 14. h3 Be6 15. Ng5 Qc7 16. bxc6 bxc6 17. O-O h6 18. Nxe6 fxe6 19. d3
1-0

[Event "Fall Kickoff"]
[Site "SchemingMind.com"]
[Date "2007.09.18"]
[Round "-"]
[White "calidore"]
[Black "tacticrules"]
[Result "1-0"]
[WhiteCountry "ISR"]
[BlackCountry "GER"]
[WhiteElo "1871"]
[WhiteRD "59"]
[BlackElo "1454"]
[BlackRD "49"]
[GameID "121155"]

1. e4 c5 2. d4 e6 3. d5 exd5 4. exd5 d6 5. Nf3 Nf6 6. Nc3 g6 7. Bf4 Bg7 8. Bd3 O-O 9. O-O a6 10. h3 b5
11. Re1 b4 12. Ne4 Nxe4 13. Bxe4 Bb7 14. Rb1 Qb6 15. Qd2 Nd7 16. Bh6 Rfe8 17. Bxg7 Kxg7 18. Qg5 Ne5 19. Nxe5 Rxe5 20. Qd2 Rae8
21. Bf3 Rxe1+ 22. Rxe1 Rxe1+= 23. Qxe1 a5 24. Qe7
1-0

[Event "Fall Kickoff"]
[Site "SchemingMind.com"]
[Date "2007.09.17"]
[Round "-"]
[White "Dariusz1968"]
[Black "tacticrules"]
[Result "0-1"]
[WhiteCountry "POL"]
[BlackCountry "GER"]
[WhiteElo "1448"]
[WhiteRD "53"]
[BlackElo "1677"]
[BlackRD "51"]
[GameID "121156"]

1. e4 c5 2. Bc4 Nc6 3. c3 Nf6 4. d3 e6 5. Bg5 d5 6. exd5 exd5 7. Bb5 Bd6 8. Bxc6+ bxc6 9. Ne2 O-O 10. O-O Bxh2+
11. Kxh2 Ng4+ 12. Kg1 Qxg5 13. Ng3 Qh4 14. Re1 f5 15. Re3 Qh2+ 16. Kf1 Nxe3+ 17. fxe3 Qxg3 18. Qe2 Ba6 19. Nd2 f4 20. exf4 Bxd3
0-1

[Event "Fall Kickoff"]
[Site "SchemingMind.com"]
[Date "2007.09.21"]
[Round "-"]
[White "Kroll"]
[Black "bdenley"]
[Result "1-0"]
[WhiteCountry "POL"]
[BlackCountry "USA"]
[WhiteElo "1731"]
[WhiteRD "80"]
[BlackElo "1596"]
[BlackRD "73"]
[GameID "121236"]

1. d4 d5 2. Nf3 Nc6 3. Bf4 Nf6 4. e3 Bf5 5. Bb5 a6 6. Bxc6+ bxc6 7. O-O e6 8. Nbd2 c5 9. Ne5 cxd4 10. Nc6 Qd7
11. Nxd4 Bg6 12. c4 c5 13. N4f3 Bd6 14. Bxd6 Qxd6 15. Qa4+ Nd7 16. Rfd1 O-O 17. cxd5 exd5 18. Nc4 Qe6 19. Ng5 Qf5 20. Nf3 Rfd8
21. Nh4 Qc2 22. Qxc2 Bxc2 23. Rxd5 Rac8 24. Rc1 Ba4 25. b3 Bb5 26. Nd6 Nf6 27. Rd2 Rc7 28. Nxb5 Rcd7 29. Rxd7 Rxd7 30. Nc3 Rd8
31. Rd1 Rc8 32. Nd5 Ne4 33. Ne7+
1-0

[Event "Fall Kickoff"]
[Site "SchemingMind.com"]
[Date "2007.09.18"]
[Round "-"]
[White "Kroll"]
[Black "rougon"]
[Result "1-0"]
[WhiteCountry "POL"]
[BlackCountry "USA"]
[WhiteElo "1473"]
[WhiteRD "111"]
[BlackElo "1743"]
[BlackRD "69"]
[GameID "121237"]

1. d4 d5 2. Nf3 Nf6 3. Bg5 e6 4. e3 Be7 5. c4 O-O 6. Nc3 h6 7. Bh4 Ne4 8. Bxe7 Qxe7 9. cxd5 Nxc3 10. bxc3 exd5
11. Bd3 b6 12. O-O Bb7 13. Qc2 c5 14. Rfe1 Re8 15. Bb5 Nd7 16. Ne5 Bc8 17. Qa4 Rd8 18. Nc6 Qe8 19. Nxd8 Qxd8 20. Bc6 b5
21. Qxb5 Rb8 22. Qa4 Nb6 23. Qxa7 Ra8 24. Bxa8
1-0

[Event "Fall Kickoff"]
[Site "SchemingMind.com"]
[Date "2007.09.18"]
[Round "-"]
[White "Kroll"]
[Black "jdcald13"]
[Result "0-1"]
[WhiteCountry "POL"]
[BlackCountry "USA"]
[WhiteElo "1473"]
[WhiteRD "111"]
[BlackElo "1914"]
[BlackRD "55"]
[GameID "121238"]

1. d4 d5 2. c4 dxc4 3. e4 e5 4. Nf3 exd4 5. Bxc4 c5 6. Ne5 Be6 7. Bxe6 fxe6 8. Qh5+ g6 9. Nxg6 Nf6 10. Qh3 Rg8
11. Qxe6+ Be7 12. Ne5 Qb6 13. Qf7+ Kd8 14. Nc4 Qc6 15. e5 Qe4+ 16. Kd1 Rf8 17. Qe6 Ng4 18. f3 Nf2+ 19. Kd2 Bg5+
0-1

[Event "Fall Kickoff"]
[Site "SchemingMind.com"]
[Date "2007.09.19"]
[Round "-"]
[White "Kroll"]
[Black "echecs"]
[Result "1-0"]
[WhiteCountry "POL"]
[BlackCountry "ENG"]
[WhiteElo "1473"]
[WhiteRD "111"]
[BlackElo "1750"]
[BlackRD "62"]
[GameID "121239"]

1. d4 e6 2. c4 c5 3. d5 Nf6 4. Nc3 exd5 5. cxd5 d6 6. Bg5 Be7 7. e4 h6 8. Be3 O-O 9. Nf3 Qb6 10. Qc2 Bg4
11. Be2 Na6 12. a3 Qa5 13. O-O Nc7 14. b4 Qb6 15. Na4 Bxf3 16. gxf3 Rac8 17. Nxb6 axb6 18. bxc5 bxc5 19. Rfb1 Rb8 20. Bd2 Nh5
21. f4 Bf6 22. Bxh5 Bxa1 23. Rxa1 Nb5 24. Qa4 Nd4 25. Bc3 Ra8 26. Qd7 Nb3 27. Rb1 Rxa3 28. Qxb7 c4 29. Bb4 Ra2 30. Bxd6 Na5
31. Qe7 Ra8 32. Qxf7+ Kh8 33. Bf8
1-0

[Event "Fall Kickoff"]
[Site "SchemingMind.com"]
[Date "2007.09.18"]
[Round "-"]
[White "Kroll"]
[Black "tacticrules"]
[Result "1-0"]
[WhiteCountry "POL"]
[BlackCountry "GER"]
[WhiteElo "1731"]
[WhiteRD "80"]
[BlackElo "1454"]
[BlackRD "49"]
[GameID "121240"]

1. d4 Nf6 2. Bg5 e6 3. e4 Be7 4. Nc3 d5 5. e5 Nfd7 6. Bxe7 Qxe7 7. Bd3 c5 8. Nf3 Nc6 9. Nb5 O-O 10. c3 cxd4
11. cxd4 Qb4+ 12. Qd2 Qxd2+ 13. Kxd2 a6 14. Nd6 f6 15. Rhe1 fxe5 16. dxe5 h6 17. Re2 Nc5 18. Rc1 Nxd3 19. Kxd3 Bd7 20. Nxb7
1-0

[Event "Fall Kickoff"]
[Site "SchemingMind.com"]
[Date "2007.09.18"]
[Round "-"]
[White "Kroll"]
[Black "calidore"]
[Result "0-1"]
[WhiteCountry "POL"]
[BlackCountry "ISR"]
[WhiteElo "1473"]
[WhiteRD "111"]
[BlackElo "1889"]
[BlackRD "65"]
[GameID "121241"]

1. d4 Nf6 2. c4 e6 3. Nc3 d5 4. Bg5 Be7 5. e3 O-O 6. Nf3 h6 7. Bh4 b6 8. cxd5 exd5 9. Be2 Be6 10. O-O c5
11. dxc5 bxc5 12. Rc1 Nbd7 13. Bb5 Rb8 14. Bg3 Rb6 15. Qa4 a6 16. Bxa6 Rxb2 17. Bb5 Rb4 18. Qa7 Qb6 19. Qxb6 Nxb6 20. Bc7 Na8
21. Ba5 Rb2 22. a4 Bd6 23. Rfd1 Nc7 24. Bc6 Rd8 25. Nb5 Nxb5 26. Bxd8 Na7 27. Bxf6 gxf6 28. Bxd5 Be7 29. Bxe6 fxe6 30. Rd7 Nc6
31. Ra1 Kf8 32. g3 Ke8 33. Rc7 Nb4 34. Rb7 c4 35. Nd4 c3 36. Rc1 e5 37. Nf5 Nd5 38. Nxe7 Nxe7 39. Rxc3 Rxb7 40. Kg2 Ra7
41. Rc4 Kd7 42. Kf3 Nd5 43. Rh4 Ke6 44. Rxh6 Rxa4 45. g4 Ne7 46. g5 Ng8 47. Rg6 Kf7
0-1

[Event "Fall Kickoff"]
[Site "SchemingMind.com"]
[Date "2007.09.18"]
[Round "-"]
[White "Kroll"]
[Black "Dariusz1968"]
[Result "1-0"]
[WhiteCountry "POL"]
[BlackCountry "POL"]
[WhiteElo "1731"]
[WhiteRD "80"]
[BlackElo "1332"]
[BlackRD "53"]
[GameID "121242"]

1. d4 b6 2. e4 e6 3. Nf3 h6 4. Nc3 Bb4 5. Bd2 Bb7 6. Bd3 d6 7. a3 Bxc3 8. Bxc3 Qe7 9. O-O Nf6 10. Re1 Ng4
11. h3 Nf6 12. Bb5+ Bc6 13. Bxc6+
1-0

[Event "Fall Kickoff"]
[Site "SchemingMind.com"]
[Date "2007.09.23"]
[Round "-"]
[White "bdenley"]
[Black "Kroll"]
[Result "0-1"]
[WhiteCountry "USA"]
[BlackCountry "POL"]
[WhiteElo "1596"]
[WhiteRD "73"]
[BlackElo "1731"]
[BlackRD "80"]
[GameID "121243"]

1. e4 e6 2. d4 d5 3. f3 dxe4 4. g3 exf3 5. Nxf3 Nf6 6. Nc3 Be7 7. Bf4 O-O 8. Qd2 Bb4 9. a3 Bxc3 10. Qxc3 Nd5
11. Qd2 Nxf4 12. Qxf4 Nc6 13. O-O-O Qe7 14. Bd3 Bd7 15. Qe4 f5 16. Qe3 Rae8 17. Ne5 Nxe5 18. dxe5 Bc6 19. Rhf1 Rd8 20. Rf4 a6
21. g4 fxg4 22. Rxg4 Bf3 23. Rxg7+ Kxg7 24. Rg1+ Kh8 25. Qh6 Rg8 26. Rf1 Bg2 27. Rf4 Qg7 28. Qxe6 Rde8 29. Qc4 Bc6 30. Kb1 Qxe5
31. Rh4 Rg7
0-1

[Event "Fall Kickoff"]
[Site "SchemingMind.com"]
[Date "2007.09.18"]
[Round "-"]
[White "rougon"]
[Black "Kroll"]
[Result "0-1"]
[WhiteCountry "USA"]
[BlackCountry "POL"]
[WhiteElo "1707"]
[WhiteRD "72"]
[BlackElo "1832"]
[BlackRD "73"]
[GameID "121244"]

1. d4 Nf6 2. c4 e6 3. Nc3 d5 4. Bg5 Be7 5. Nf3 O-O 6. e3 Nbd7 7. Bd3 dxc4 8. Bxc4 Nb6 9. Bb3 Nbd5 10. O-O Nxc3
11. bxc3 Nd5 12. Bxe7 Qxe7 13. Qd2 b6 14. e4 Nf6 15. Rfe1 Bb7 16. d5 exd5 17. exd5 Qd6 18. c4 c6 19. Rad1 Rad8 20. h3 Rfe8
21. Rxe8+ Rxe8 22. Qg5 h6 23. Qf5 cxd5 24. cxd5 Ba6 25. Nd4 Re5 26. Qf3 Nxd5 27. Nf5 Qf6 28. Nxh6+ gxh6 29. Rxd5 Qxf3 30. Rd8+ Kg7
31. gxf3 Rf5 32. Rd7 Rxf3 33. Rxa7 Bc8 34. Kg2 Rf6 35. Kg3 Be6= 36. Rb7 Bxb3 37. axb3 Rc6 38. f3 Kg6 39. Kg4 f6 40. h4 f5+
41. Kf4 Kh5 42. Kxf5 Kxh4 43. f4 Kg3 44. Rg7+ Kf3 45. Rh7 Rc5+ 46. Kg6 Kxf4 47. Kxh6 Rc3 48. Rb7 Rxb3 49. Kg6 Ke5 50. Rf7 Rg3+
51. Kh5 Kd4 52. Rf5 Kc4 53. Rf4+ Kb5 54. Rf5+ Ka6 55. Rf6 Ka5 56. Rf5+ b5 57. Rf8 Ka4 58. Ra8+ Kb3 59. Rb8 b4 60. Kh4 Rg7
61. Kh5 Kc3 62. Rc8+ Kb2 63. Rb8 b3 64. Kh4 Ka2 65. Ra8+ Kb1 66. Kh3 b2 67. Kh2 Rc7
0-1

[Event "Fall Kickoff"]
[Site "SchemingMind.com"]
[Date "2007.09.18"]
[Round "-"]
[White "jdcald13"]
[Black "Kroll"]
[Result "1-0"]
[WhiteCountry "USA"]
[BlackCountry "POL"]
[WhiteElo "1907"]
[WhiteRD "49"]
[BlackElo "1731"]
[BlackRD "80"]
[GameID "121245"]

1. d4 Nf6 2. Bg5 e6 3. Nf3 Be7 4. Nbd2 d5 5. e3 O-O 6. Bd3 Nbd7 7. O-O h6 8. Bh4 c5 9. c3 b6 10. Rc1 Bb7
11. Ne5 Rc8 12. Ndf3 Nxe5 13. Nxe5 Nd7 14. Bxe7 Qxe7 15. f4 f6 16. Ng6 Qf7 17. Nxf8 Qxf8 18. f5 e5 19. Qa4 Qe7 20. Bb5 Nb8
21. dxc5 Qxc5 22. Bd7 Qxe3+ 23. Kh1 Nxd7 24. Qxd7 Ba6 25. Qxd5+ Kh7 26. Rce1 Qg5 27. Rf2 Rc4 28. Qd2 Qh5 29. Qe2 Qxe2 30. Rexe2 Ra4
31. b3 Bxe2 32. bxa4 Bd1 33. a5 e4 34. Rf1 Be2 35. axb6 axb6 36. Re1 Bd3 37. Kg1 g6 38. fxg6+ Kxg6 39. Kf2 f5 40. Ke3 Kg5
41. Rd1 f4+ 42. Kd4 Kg4 43. Rxd3 exd3 44. Kxd3 h5 45. a4 h4 46. Ke2 f3+ 47. gxf3+ Kh3 48. f4 Kxh2 49. f5 b5 50. axb5 Kg2
51. f6
1-0

[Event "Fall Kickoff"]
[Site "SchemingMind.com"]
[Date "2007.09.19"]
[Round "-"]
[White "echecs"]
[Black "Kroll"]
[Result "1-0"]
[WhiteCountry "ENG"]
[BlackCountry "POL"]
[WhiteElo "1750"]
[WhiteRD "62"]
[BlackElo "1473"]
[BlackRD "111"]
[GameID "121246"]

1. b4 e5 2. Bb2 Bxb4 3. Bxe5 Nf6 4. a3 Be7 5. e3 d6 6. Bb2 O-O 7. Nc3 c6 8. Nce2 Be6 9. Nf4 Nbd7 10. Nf3 Qb6
11. Rb1 Qc7 12. Nd4 Bg4 13. f3 Bh5 14. Nf5 Rfe8 15. Nxh5 Nxh5 16. f4 Nhf6 17. Qf3 d5 18. Qg3 Bf8 19. Nh6+ Kh8 20. Nxf7+ Kg8
21. Ng5 h6 22. h4 Nh5 23. Qg4 Nxf4 24. Kd1 hxg5 25. exf4 Re4 26. hxg5 Rxf4 27. Qh5 Nc5 28. g6 Bd6 29. Qh8#
1-0

[Event "Fall Kickoff"]
[Site "SchemingMind.com"]
[Date "2007.09.18"]
[Round "-"]
[White "tacticrules"]
[Black "Kroll"]
[Result "0-1"]
[WhiteCountry "GER"]
[BlackCountry "POL"]
[WhiteElo "1454"]
[WhiteRD "49"]
[BlackElo "1731"]
[BlackRD "80"]
[GameID "121247"]

1. e4 e6 2. d4 d5 3. Nc3 Bb4 4. e5 c5 5. a3 Bxc3+ 6. bxc3 Qa5 7. Bd2 c4 8. Nf3 Nc6 9. Be2 Bd7 10. O-O f6
11. Rb1 b5 12. Qc1 fxe5 13. Nxe5 Nf6 14. Nxd7 Kxd7 15. Re1 Ne4 16. Bf3 Nxd2 17. Qxd2 Qxa3 18. Rxb5 Rab8 19. Reb1 Rxb5
0-1

[Event "Fall Kickoff"]
[Site "SchemingMind.com"]
[Date "2007.09.18"]
[Round "-"]
[White "calidore"]
[Black "Kroll"]
[Result "1-0"]
[WhiteCountry "ISR"]
[BlackCountry "POL"]
[WhiteElo "1885"]
[WhiteRD "83"]
[BlackElo "1368"]
[BlackRD "114"]
[GameID "121248"]

1. e4 e6 2. d4 d5 3. e5 c5 4. Nf3 Nc6 5. Bd3 cxd4 6. O-O Bc5 7. Nbd2 Qc7 8. Nb3 Bb6 9. Re1 Nge7 10. a3 Bd7
11. Bf4 O-O 12. Bxh7+ Kxh7 13. Ng5+ Kg6 14. Qg4 Nxe5 15. Bxe5 f5 16. Qg3 Qc8 17. Nh7+
1-0

[Event "Fall Kickoff"]
[Site "SchemingMind.com"]
[Date "2007.09.18"]
[Round "-"]
[White "Dariusz1968"]
[Black "Kroll"]
[Result "0-1"]
[WhiteCountry "POL"]
[BlackCountry "POL"]
[WhiteElo "1332"]
[WhiteRD "53"]
[BlackElo "1731"]
[BlackRD "80"]
[GameID "121249"]

1. e4 e6 2. a3 d5 3. e5 c5 4. d4 Nc6 5. Bb5 Bd7 6. Bxc6 Bxc6 7. Nf3 Bb5 8. Ng5 h6 9. Nxf7 Kxf7 10. Nc3 Qb6
11. Qf3+ Ke8
0-1

[Event "Fall Kickoff"]
[Site "SchemingMind.com"]
[Date "2007.09.21"]
[Round "-"]
[White "Brodaty"]
[Black "bdenley"]
[Result "1-0"]
[WhiteCountry "POL"]
[BlackCountry "USA"]
[WhiteElo "2107"]
[WhiteRD "99"]
[BlackElo "1592"]
[BlackRD "79"]
[GameID "121287"]

1. d4 d5 2. c4 c5 3. cxd5 Qxd5 4. Nf3 cxd4 5. Nc3 Qa5 6. Nxd4 e5 7. Nb3 Qc7 8. Nd5 Qd6 9. e4 Nf6 10. Be3 b6
11. Rc1 Bb7 12. Nc7+ Kd7 13. Bb5+ Nc6 14. Nxa8 Bxa8 15. f3 Be7 16. O-O Rd8 17. Qc2 Ke8 18. Bxc6+ Bxc6 19. Qxc6+ Qxc6 20. Rxc6 Rd3
21. Kf2 Rd7 22. Ke2 h6 23. Rd1 Rxd1 24. Kxd1 Kd7 25. Rc2 Ne8 26. a4 Nc7 27. a5 Na8 28. axb6 Nxb6 29. Nc5+
1-0

[Event "Fall Kickoff"]
[Site "SchemingMind.com"]
[Date "2007.09.20"]
[Round "-"]
[White "Brodaty"]
[Black "rougon"]
[Result "1-0"]
[WhiteCountry "POL"]
[BlackCountry "USA"]
[WhiteElo "2086"]
[WhiteRD "99"]
[BlackElo "1714"]
[BlackRD "71"]
[GameID "121288"]

1. d4 d5 2. c4 e6 3. Nf3 c5 4. cxd5 exd5 5. Nc3 Nc6 6. g3 Nf6 7. Bg2 Be6 8. O-O Be7 9. b3 O-O 10. Bb2 Qd7
11. Rc1 Rac8 12. dxc5 Bxc5 13. Na4 Be7 14. Nd4 Rfd8 15. Nc5 Bxc5 16. Rxc5 Ne4 17. Nxc6 bxc6 18. Qd4 f6 19. Bxe4 dxe4 20. Qxe4 Bd5
21. Qd3 Qh3 22. f3 Qe6 23. e4
1-0

[Event "Fall Kickoff"]
[Site "SchemingMind.com"]
[Date "2007.09.20"]
[Round "-"]
[White "Brodaty"]
[Black "jdcald13"]
[Result "1-0"]
[WhiteCountry "POL"]
[BlackCountry "USA"]
[WhiteElo "2086"]
[WhiteRD "99"]
[BlackElo "1907"]
[BlackRD "49"]
[GameID "121289"]

1. d4 Nf6 2. Bg5 Ne4 3. Bf4 c5 4. f3 Nf6 5. dxc5 Na6 6. e4 Nxc5 7. Nc3 d6 8. Qd2 g6 9. O-O-O Bg7 10. e5 Nh5
11. Be3 Nd7 12. exd6 O-O 13. g4 Nhf6 14. g5 Nh5 15. Nge2 Qa5 16. dxe7 Re8 17. Ng3 Bxc3 18. Qxc3 Qxc3 19. bxc3 Rxe7 20. Bd4 Nf4
21. Ne4 Ne6 22. Bf2 a6 23. Bg3 b5 24. c4 bxc4 25. Bxc4 Bb7 26. Rxd7
1-0

[Event "Fall Kickoff"]
[Site "SchemingMind.com"]
[Date "2007.09.20"]
[Round "-"]
[White "Brodaty"]
[Black "echecs"]
[Result "1-0"]
[WhiteCountry "POL"]
[BlackCountry "ENG"]
[WhiteElo "2086"]
[WhiteRD "99"]
[BlackElo "1743"]
[BlackRD "62"]
[GameID "121290"]

1. d4 e6 2. c4 Nf6 3. g3 d5 4. Bg2 c5 5. Nf3 dxc4 6. O-O Be7 7. Qa4+ Nc6 8. dxc5 O-O 9. Qxc4 Rb8 10. Bf4 b5
11. Qc2 Rb7 12. Ne5 Nxe5 13. Bxe5 Rd7 14. c6
1-0

[Event "Fall Kickoff"]
[Site "SchemingMind.com"]
[Date "2007.09.20"]
[Round "-"]
[White "Brodaty"]
[Black "calidore"]
[Result "1-0"]
[WhiteCountry "POL"]
[BlackCountry "ISR"]
[WhiteElo "2086"]
[WhiteRD "99"]
[BlackElo "1871"]
[BlackRD "59"]
[GameID "121292"]

1. d4 Nf6 2. c4 e6 3. g3 d5 4. Bg2 dxc4 5. Nf3 c5 6. O-O Nc6 7. Ne5 Nxe5 8. dxe5 Qxd1 9. Rxd1 Nd7 10. Na3 Nxe5
11. Bf4 Ng6 12. Bc7 Be7 13. Nxc4 O-O 14. Rac1 a6 15. Nb6 Ra7 16. Bb8
1-0

[Event "Fall Kickoff"]
[Site "SchemingMind.com"]
[Date "2007.09.20"]
[Round "-"]
[White "Brodaty"]
[Black "Kroll"]
[Result "1-0"]
[WhiteCountry "POL"]
[BlackCountry "POL"]
[WhiteElo "2107"]
[WhiteRD "99"]
[BlackElo "1832"]
[BlackRD "73"]
[GameID "121293"]

1. d4 Nf6 2. Bg5 e6 3. e4 Be7 4. Nd2 h6 5. Bh4 d5 6. e5 Nfd7 7. Bxe7 Qxe7 8. c3 c5 9. Ne2 Nc6 10. Nf3 cxd4
11. cxd4 Qb4+ 12. Qd2 Qxd2+ 13. Kxd2 Nb6 14. Nc3 Bd7 15. b3 O-O 16. Rc1 a6 17. Be2 Rac8 18. Bd3 Nb4 19. Bb1 Nc6 20. Ne2 Ne7
21. Nf4 Rxc1 22. Rxc1 Rc8 23. Rxc8+ Nbxc8 24. Nd3 Nc6 25. Nc5 Nb6 26. Nxb7 Bc8 27. Nc5 Nd7 28. Bd3 Nxc5 29. dxc5 Kf8 30. Kc3 Ke7
31. b4 f6 32. exf6+ gxf6 33. Nd4 Nxd4 34. Kxd4 Bb7 35. f4 Kd7 36. a4 Kc7 37. g4 Kd7 38. h4 Ke7 39. b5
1-0

[Event "Fall Kickoff"]
[Site "SchemingMind.com"]
[Date "2007.09.23"]
[Round "-"]
[White "bdenley"]
[Black "Brodaty"]
[Result "0-1"]
[WhiteCountry "USA"]
[BlackCountry "POL"]
[WhiteElo "1592"]
[WhiteRD "79"]
[BlackElo "2107"]
[BlackRD "99"]
[GameID "121295"]

1. e4 e6 2. c4 d5 3. cxd5 exd5 4. Nf3 dxe4 5. Ne5 Qd4 6. Ng4 Bc5 7. Ne3 Be6 8. Nc3 Nf6 9. Qa4+ Qxa4 10. Nxa4 Be7
11. b3 Nc6 12. Bb2 O-O-O 13. Rc1 Bb4 14. Nc3 Ne5 15. a3 Bxc3 16. Bxc3 Nd3+ 17. Bxd3 Rxd3 18. b4 Rhd8 19. Ke2 Nd5 20. Bxg7 Nxe3
21. dxe3 Rxa3 22. Be5 Ra2+ 23. Ke1 Rdd2 24. Rxc7+ Kd8 25. Bg3 Rdb2 26. Rc1 Bc4 27. h4 Re2+
0-1

[Event "Fall Kickoff"]
[Site "SchemingMind.com"]
[Date "2007.09.20"]
[Round "-"]
[White "rougon"]
[Black "Brodaty"]
[Result "0-1"]
[WhiteCountry "USA"]
[BlackCountry "POL"]
[WhiteElo "1714"]
[WhiteRD "71"]
[BlackElo "2086"]
[BlackRD "99"]
[GameID "121296"]

1. e4 e6 2. d4 d5 3. Nc3 Bb4 4. e5 c5 5. a3 Bxc3+ 6. bxc3 Ne7 7. Qg4 Qc7 8. Qxg7 Rg8 9. Qxh7 cxd4 10. Ne2 Nbc6
11. f4 Bd7 12. Qd3 dxc3 13. Nxc3 a6 14. g3 Rc8 15. Bd2 Na5 16. Bg2 Nc4 17. a4 Nxd2 18. Kxd2 Qa5 19. Rhb1 Nf5 20. Rxb7 d4
21. Rxd7 Rxc3
0-1

[Event "Fall Kickoff"]
[Site "SchemingMind.com"]
[Date "2007.09.19"]
[Round "-"]
[White "jdcald13"]
[Black "Brodaty"]
[Result "0-1"]
[WhiteCountry "USA"]
[BlackCountry "POL"]
[WhiteElo "1907"]
[WhiteRD "49"]
[BlackElo "2086"]
[BlackRD "99"]
[GameID "121297"]

1. c4 Nf6 2. Nf3 e6 3. g3 b6 4. Bg2 Bb7 5. O-O c5 6. Nc3 Be7 7. d4 cxd4 8. Nxd4 Bxg2 9. Kxg2 Qc8 10. b3 Qb7+
11. Kg1 a6 12. Bb2 O-O 13. Qd3 d6 14. Rad1 Nbd7 15. e4 Nc5 16. Qf3 Ncxe4 17. Rfe1 d5 18. cxd5 Nxc3 19. Bxc3 Qxd5 20. Qe2 Rfd8
21. Nf3 Qb7 22. Ne5 Nd5 23. Nxf7 Kxf7 24. Qxe6+ Kf8 25. Bxg7+ Kxg7 26. Rd4 Bf6 27. Rg4+ Kh8 28. Rd1 Qc8 29. Qe4 Nc3
0-1

[Event "Fall Kickoff"]
[Site "SchemingMind.com"]
[Date "2007.09.20"]
[Round "-"]
[White "echecs"]
[Black "Brodaty"]
[Result "0-1"]
[WhiteCountry "ENG"]
[BlackCountry "POL"]
[WhiteElo "1743"]
[WhiteRD "62"]
[BlackElo "2086"]
[BlackRD "99"]
[GameID "121298"]

1. e4 e6 2. Nc3 d5 3. d4 Bb4 4. e5 c5 5. a3 Bxc3+ 6. bxc3 Ne7 7. Ne2 Qc7 8. Bd2 Nbc6 9. g3 Bd7 10. Bg2 O-O
11. O-O Nf5 12. Bc1 Na5 13. Re1 Ba4 14. Bh3 cxd4 15. Bxf5 exf5 16. Qxd4 Bxc2 17. Qxd5 Nb3 18. Ra2 Rad8 19. Qb5 Nxc1 20. Rxc2 Nd3
21. Rb1 Nxe5 22. Nd4 Rxd4 23. cxd4 Nf3+
0-1

[Event "Fall Kickoff"]
[Site "SchemingMind.com"]
[Date "2007.09.19"]
[Round "-"]
[White "tacticrules"]
[Black "Brodaty"]
[Result "0-1"]
[WhiteCountry "GER"]
[BlackCountry "POL"]
[WhiteElo "1454"]
[WhiteRD "49"]
[BlackElo "2086"]
[BlackRD "99"]
[GameID "121299"]

1. e4 e6 2. d4 d5 3. Nc3 Bb4 4. e5 c5 5. a3 Bxc3+ 6. bxc3 Ne7 7. Nf3 Nbc6 8. Bb5 Bd7 9. O-O Nxe5 10. Bxd7+ Nxd7
11. Re1 Qc7 12. Be3 Nf5 13. dxc5 Nxe3
0-1